Music Quiz

Random Music or Bands Quiz

Music Facts Quiz Stats

Quiz Updated May 6, 2016

Also try: Language Facts
Challenge
Share
Tweet
Score 0/22 Timer 07:00
5 Plays Today
% Correct
Prince
99.3%
Elvis
95.8%
Ringo
95.2%
Violin
93.6%
Continents
92.3%
Coffee
91.8%
Bach
90.5%
Harmonica
89.4%
Johnny Cash
89%
Army
87.8%
CD
86.1%
% Correct
U2
85.7%
Freddie Mercury
83.7%
Rapper
83.4%
Jimi Hendrix
83.2%
Britney Spears
82.8%
Tour
82.7%
Alice Cooper
79.7%
Clint Eastwood
79.1%
Thanksgiving
79%
Axl Rose
75.7%
Panama
49.6%

You're not logged in!

Compare scores with friends on all Sporcle quizzes.
Sign Up with Email
OR
Log In

You Might Also Like...

Show Comments

Extras

Top Quizzes Today


Score Distribution

Your Account Isn't Verified!

In order to create a playlist on Sporcle, you need to verify the email address you used during registration. Go to your Sporcle Settings to finish the process.